Théâtre sud. (Record no. 118762)
[ view plain ]
| 000 -LEADER | |
|---|---|
| fixed length control field | 01169cas a2200349 a 4500 |
| 001 - CONTROL NUMBER | |
| control field | 11384802 |
| 003 - CONTROL NUMBER IDENTIFIER | |
| control field | ARRUPE |
| 005 - DATE AND TIME OF LATEST TRANSACTION | |
| control field | 20131127121821.0 |
| 008 - FIXED-LENGTH DATA ELEMENTS--GENERAL INFORMATION | |
| fixed length control field | 900801d19901991fr x p 0 0fre c |
| 010 ## - LIBRARY OF CONGRESS CONTROL NUMBER | |
| LC control number | 91641111 |
| Canceled/invalid LC control number | sn 90023375 |
| 035 ## - SYSTEM CONTROL NUMBER | |
| System control number | (OCoLC)ocm22167619 |
| 037 ## - SOURCE OF ACQUISITION | |
| Source of stock number/acquisition | Editions l'Harmattan, 5-7, rue de l'Ecole-Polytechnique, 75005 Paris |
| 040 ## - CATALOGING SOURCE | |
| Original cataloging agency | MH |
| Language of cataloging | eng |
| Transcribing agency | MH |
| Modifying agency | MH |
| -- | DLC |
| -- | NST |
| -- | MH |
| -- | OCoLC |
| 042 ## - AUTHENTICATION CODE | |
| Authentication code | pcc |
| 043 ## - GEOGRAPHIC AREA CODE | |
| Geographic area code | fb----- |
| 050 00 - LIBRARY OF CONGRESS CALL NUMBER | |
| Classification number | PR9340.T374 1990 |
| 300 ## - PHYSICAL DESCRIPTION | |
| Other physical details | ill. ; |
| Dimensions | 22 cm. |
| 245 00 - TITLE STATEMENT | |
| Title | Théâtre sud. |
| 260 ## - PUBLICATION, DISTRIBUTION, ETC. (IMPRINT) | |
| Place of publication, distribution, etc | Paris : |
| Name of publisher, distributor, etc | Harmattan, |
| Date of publication, distribution, etc | c1989-c1990. |
| 300 ## - PHYSICAL DESCRIPTION | |
| Extent | 3 v. : |
| 310 ## - CURRENT PUBLICATION FREQUENCY | |
| Current publication frequency | Irregular |
| 362 0# - DATES OF PUBLICATION AND/OR SEQUENTIAL DESIGNATION | |
| Dates of publication and/or sequential designation | 1990/no 1-1991/no 3. |
| 500 ## - GENERAL NOTE | |
| General note | Title from cover. |
| 550 ## - ISSUING BODY NOTE | |
| Issuing body note | Issued by: Radio-France internationale. |
| 590 ## - LOCAL NOTE (RLIN) | |
| Local note | SERBIB/SERLOC merged record |
| 650 #0 - SUBJECT ADDED ENTRY--TOPICAL TERM | |
| Topical term or geographic name as entry element | Theater |
| Geographic subdivision | Africa, Sub-Saharan |
| Form subdivision | Periodicals. |
| 9 (RLIN) | 4145 |
| 650 #0 - SUBJECT ADDED ENTRY--TOPICAL TERM | |
| Topical term or geographic name as entry element | African drama |
| General subdivision | History and criticism |
| Form subdivision | Periodicals. |
| 9 (RLIN) | 4146 |
| 710 2# - ADDED ENTRY--CORPORATE NAME | |
| Corporate name or jurisdiction name as entry element | Radio-France internationale. |
| 9 (RLIN) | 4147 |
| 776 08 - ADDITIONAL PHYSICAL FORM ENTRY | |
| Display text | Online version: |
| Title | Théâtre sud |
| Record control number | (OCoLC)651756379 |
| 906 ## - LOCAL DATA ELEMENT F, LDF (RLIN) | |
| a | 7 |
| b | cbc |
| c | serials |
| d | 2 |
| e | ncip |
| f | 19 |
| g | n-oclcserc |
| 942 ## - ADDED ENTRY ELEMENTS (KOHA) | |
| Source of classification or shelving scheme | Library of Congress Classification |
| Koha item type | Monograph ( Printed materials) |
| Withdrawn status | Lost status | Source of classification or shelving scheme | Damaged status | Not for loan | Home library | Current library | Shelving location | Date acquired | Total Checkouts | Full call number | Barcode | Date last seen | Price effective from | Koha item type |
|---|---|---|---|---|---|---|---|---|---|---|---|---|---|---|
| Library of Congress Classification | ARRUPE LIBRARY | ARRUPE LIBRARY | Main Collection | 27/11/2013 | PR9340.T374 1990 | 46410229 | 27/11/2013 | 27/11/2013 | Monograph ( Printed materials) |